| 000 | 00514nam a22001697a 4500 | ||
|---|---|---|---|
| 999 |
_c8699 _d8699 |
||
| 008 | 201210b ||||| |||| 00| 0 eng d | ||
| 040 | _aBMS College of Architecture | ||
| 100 | _aPandey, Akansha | ||
| 245 | _aCommercial corridors | ||
| 300 | _aNA | ||
| 500 | _a1BM11AT004 | ||
| 502 |
_8B,Arch _NBMS College of Architecture, Visvesvaraya Technological University (VTU) _aProject report _d2016 |
||
| 650 | _aJayanagar Complex | ||
| 700 |
_aNeetha S N _eGuide |
||
| 700 |
_aKiran Kumar R _eGuide |
||
| 942 |
_2ddc _cTHE |
||